=LDR 00000nam 2200000 4500 =001 INLIS000000000007875 =005 20260202105854 =035 ##$$a 0010-0226000023 =007 ta =008 260202###########################0#eng## =082 ##$$a 614.021 =084 ##$$a 614.021 SEA =245 ##$$a Seamic Health Statistics 2000 =260 ##$$a Tokyo :$b Seamic International Foundation of Japan,$c 2000 =300 ##$$a 282 hal : $b ilus ; $c 23 cm =856 ##$$a Perpustakaan KEMENDUKBANGGA/BKKBN